00322nam a22001217a 4500008004100000082001500041100002900056245004500085250001200130260001000142300001900152650002900171201007b ||||| |||| 00| 0 eng d a954.98 WAN aWabgchuk, Kesang Choeden aIndia - Bhutan Friendship treaty of 1949 a1st ed. c2019. a106 p.c25 cm. aIndia- Bhutan Friendship